[Event "SVK-ch U18/20 Girls"]
[Site "Tatralandia"]
[Date "2024.04.10"]
[Round "7"]
[White "Kapicakova, Lucia"]
[Black "Striskova, Lucia"]
[Result "0-1"]
[WhiteElo "1810"]
[BlackElo "1884"]
[PlyCount "74"]
[EventDate "2024.04.05"]
[EventType "swiss"]
[EventRounds "9"]
[EventCountry "SVK"]
[SourceTitle "CBM 219 Extra"]
[Source "ChessBase"]
[SourceDate "2024.05.31"]
[SourceVersion "1"]
[SourceVersionDate "2024.05.31"]
[SourceQuality "1"]

1. e4 c5 2. Be2 Nc6 3. d3 e6 4. f4 d5 5. Nf3 Be7 6. 0-0 Nf6 7. e5 Nd7 8. c3 d4 9. cxd4 cxd4 10. Re1 0-0 11. Bf1 f6 12. a3 fxe5 13. fxe5 Qc7 14. Qe2 a5 15. g3 Nc5 16. Nbd2 b6 17. Bg2 Ba6 18. Nc4 Bxc4 19. dxc4 d3 20. Qd1 a4 21. Bf4 Nb3 22. Rb1 Rad8 23. Bh3 Bc5+ 24. Kh1 Rfe8 25. Ng5 d2 26. Rf1 Ncd4 27. Qh5 g6 28. Qg4 Nf5 29. Ne4 Rf8 30. Nf6+ Kh8 31. Qe2 Nc1 32. Qd1 Nd3 33. Qe2 Nxf4 34. Rxf4 Ne3 35. Rd1 Nxd1 36. Rh4 Rxf6 37. Qxd1 Qxe5 0-1

[Event "SVK-ch U18/20 Girls"]
[Site "Tatralandia"]
[Date "2024.04.09"]
[Round "6"]
[White "Zetocha, Adela"]
[Black "Kapicakova, Lucia"]
[Result "0-1"]
[WhiteElo "1743"]
[BlackElo "1810"]
[PlyCount "154"]
[EventDate "2024.04.05"]
[EventType "swiss"]
[EventRounds "9"]
[EventCountry "SVK"]
[SourceTitle "CBM 219 Extra"]
[Source "ChessBase"]
[SourceDate "2024.05.31"]
[SourceVersion "1"]
[SourceVersionDate "2024.05.31"]
[SourceQuality "1"]

1. c4 e5 2. g3 Nc6 3. Bg2 Bc5 4. Nc3 Nf6 5. e3 0-0 6. Nge2 a6 7. 0-0 d6 8. h3 Ba7 9. b3 h6 10. Bb2 Bd7 11. Rc1 Rb8 12. Kh2 Ne7 13. f4 exf4 14. Nxf4 Nf5 15. Ncd5 Nxd5 16. Nxd5 c6 17. Be4 cxd5 18. Bxf5 Bxf5 19. Rxf5 dxc4 20. Rxc4 f6 21. Qf3 Qd7 22. Rg4 Kh7 23. Rd5 Rbe8 24. Ba3 Re6 25. Qf5+ Kh8 26. Re4 Rfe8 27. Rxe6 Rxe6 28. Qd3 Bb8 29. Qc4 Qc7 30. Rd4 Qxc4 31. Rxc4 Re8 32. Rb4 b5 33. Rd4 Rd8 34. Re4 d5 35. Re6 a5 36. Bc5 Bc7 37. d4 b4 38. Kg2 Kg8 39. Kf2 Rd7 40. Ra6 Kf7 41. Ra7 Ke6 42. Kf3 f5 43. a3 bxa3 44. Bxa3 h5 45. b4 axb4 46. Bxb4 g6 47. Ba5 Bxa5 48. Rxa5 g5 49. Ra6+ Kf7 50. Rh6 g4+ 51. hxg4 hxg4+ 52. Kf4 Kg7 53. Rh5 Re7 54. Rxf5 Re4+ 55. Kg5 Rxe3 56. Kxg4 Re4+ 57. Rf4 Re3 58. Kh4 Kg6 59. g4 Rd3 60. g5 Rd1 61. Rg4 Kf5 62. Kh5 Rh1+ 63. Rh4 Rg1 64. g6 Rg5+ 65. Kh6 Rxg6+ 66. Kh5 Rg5+ 67. Kh6 Rg4 68. Rh5+ Ke4 69. Rh1 Kxd4 70. Rd1+ Ke5 71. Kh5 Rd4 72. Re1+ Re4 73. Rd1 d4 74. Kg5 Re3 75. Ra1 d3 76. Ra5+ Ke4 77. Ra4+ Kf3 0-1

[Event "SVK-chT2C 2324"]
[Site "Slovakia"]
[Date "2023.12.02"]
[Round "5.6"]
[White "Kapicakova, Lucia"]
[Black "Jakab, Robert"]
[Result "0-1"]
[WhiteElo "1749"]
[BlackElo "1916"]
[PlyCount "80"]
[EventDate "2023.10.07"]
[EventType "team-tourn"]
[EventRounds "11"]
[EventCountry "SVK"]
[SourceTitle "EXT 2025"]
[Source "ChessBase"]
[SourceDate "2024.10.14"]
[SourceVersion "1"]
[SourceVersionDate "2024.10.14"]
[SourceQuality "1"]
[WhiteTeam "Filakovo"]
[BlackTeam "Cebovce II"]
[WhiteTeamCountry "SVK"]
[BlackTeamCountry "SVK"]

1. Nf3 d5 2. g3 Nf6 3. Bg2 c5 4. d3 Nc6 5. 0-0 e5 6. Nbd2 Bd6 7. e4 dxe4 8. dxe4 b5 9. c3 0-0 10. Qc2 Qc7 11. h3 a5 12. a4 b4 13. c4 Nd4 14. Nxd4 cxd4 15. Nf3 Bb7 16. Nxe5 Bxe5 17. f4 d3 18. Qf2 Bd6 19. e5 Bc5 20. Be3 Bxe3 21. Qxe3 Nd7 22. Qxd3 Bxg2 23. Kxg2 Nc5 24. Qf3 Rad8 25. Rfd1 Rxd1 26. Qxd1 Rd8 27. Qc2 Qd7 28. Qf2 Qd2 29. Rf1 Qxf2+ 30. Rxf2 Nxa4 31. Rc2 Nc5 32. Re2 Rd3 33. f5 Kf8 34. e6 fxe6 35. Re5 Nb3 36. fxe6 Ke7 37. Kf2 a4 38. Rb5 a3 39. bxa3 bxa3 40. Rb7+ Kxe6 0-1

[Event "SVK-chT2C 2223"]
[Site "Slovakia"]
[Date "2022.11.27"]
[Round "6.7"]
[White "Kapicakova, Lucia"]
[Black "Gregor, Eduard"]
[Result "1/2-1/2"]
[WhiteElo "1798"]
[BlackElo "1899"]
[PlyCount "84"]
[EventDate "2022.10.08"]
[EventType "team-tourn"]
[EventRounds "11"]
[EventCountry "SVK"]
[SourceTitle "EXT 2024"]
[Source "ChessBase"]
[SourceDate "2023.10.10"]
[SourceVersion "1"]
[SourceVersionDate "2023.10.10"]
[SourceQuality "1"]
[WhiteTeam "Filakovo"]
[BlackTeam "Banska Bystrica Kurta"]
[WhiteTeamCountry "SVK"]
[BlackTeamCountry "SVK"]

1. e4 c6 2. d4 d5 3. exd5 cxd5 4. Bd3 Nc6 5. c3 e5 6. dxe5 Nxe5 7. Bf4 Nxd3+ 8. Qxd3 Nf6 9. Ne2 Be7 10. Nd2 0-0 11. Nf3 Qa5 12. 0-0 Bd7 13. Ned4 Rfe8 14. h3 Bf8 15. Ne5 Be6 16. Qb5 Qxb5 17. Nxb5 Rec8 18. Nd4 Rd8 19. Rad1 Nd7 20. Nxd7 Bxd7 21. Rfe1 Re8 22. Nf3 Bc6 23. Nd4 Rxe1+ 24. Rxe1 Bd7 25. Rd1 f6 26. Nc2 Be6 27. Nd4 Bf7 28. Kf1 a6 29. a3 Bc5 30. Nf5 Be6 31. Be3 Bxf5 32. Bxc5 Be6 33. Be3 Kf7 34. Ke2 Rc8 35. Rd2 Rc7 36. Rd4 Rc6 37. h4 h5 38. g3 Rc7 39. Bf4 Rd7 40. Be3 Rc7 41. Bf4 Rd7 42. Be3 Rc7 1/2-1/2

[Event "SVK-chT2C 2223"]
[Site "Slovakia"]
[Date "2022.11.26"]
[Round "5.6"]
[White "Kapicakova, Lucia"]
[Black "Fabian, Janos"]
[Result "1/2-1/2"]
[WhiteElo "1798"]
[BlackElo "1721"]
[PlyCount "145"]
[EventDate "2022.10.08"]
[EventType "team-tourn"]
[EventRounds "11"]
[EventCountry "SVK"]
[SourceTitle "EXT 2024"]
[Source "ChessBase"]
[SourceDate "2023.10.10"]
[SourceVersion "1"]
[SourceVersionDate "2023.10.10"]
[SourceQuality "1"]
[WhiteTeam "Filakovo"]
[BlackTeam "Vinica"]
[WhiteTeamCountry "SVK"]
[BlackTeamCountry "SVK"]

1. f4 e6 2. Nf3 d5 3. g3 Nf6 4. Bg2 c5 5. d3 Nc6 6. 0-0 Be7 7. Qe1 Nd4 8. Qd1 Bd7 9. e3 Nc6 10. b3 Qc7 11. Bb2 0-0 12. Qe2 Rfd8 13. a3 b5 14. Nbd2 Rab8 15. Ne5 Be8 16. Rad1 d4 17. Nxc6 Bxc6 18. e4 e5 19. f5 h5 20. Bc1 Ng4 21. Nf3 c4 22. b4 a5 23. h3 Ne3 24. Bxe3 dxe3 25. Qxe3 axb4 26. axb4 Bxb4 27. Qg5 f6 28. Qxh5 cxd3 29. cxd3 Qb6+ 30. Kh2 Qe3 31. Nh4 Be8 32. Qg4 Qh6 33. Ng6 Kh7 34. h4 Bxg6 35. fxg6+ Qxg6 36. Qe2 Rd4 37. Bh3 Kh8 38. Rf5 Qe8 39. Rh5+ Kg8 40. Qa2+ Rc4 41. Be6+ Qxe6 42. dxc4 bxc4 43. Rf5 Qc6 44. Rc1 Rc8 45. Qc2 c3 46. Rff1 Qc4 47. Rfe1 Ra8 48. Ra1 Rb8 49. Qa2 Qxa2+ 50. Rxa2 Bc5 51. Rc2 Bd4 52. Kg2 Rb2 53. Rxb2 cxb2 54. Kf3 g6 55. g4 Kg7 56. Ke2 f5 57. exf5 gxf5 58. gxf5 Kf6 59. Rf1 e4 60. h5 Kg5 61. Rh1 Kxf5 62. h6 Kg6 63. h7 Kf5 64. Kd2 Be5 65. Rh5+ Kg6 66. Rxe5 b1Q 67. h8Q Qd3+ 68. Ke1 Qe3+ 69. Kf1 Qf3+ 70. Kg1 Qg3+ 71. Kh1 Qf3+ 72. Kh2 Qf2+ 73. Kh1 1/2-1/2

[Event "SVK-ch Blitz"]
[Site "Nitra"]
[Date "2022.10.29"]
[Round "10"]
[White "Kapicakova, Lucia"]
[Black "Gettler, Daniel"]
[Result "0-1"]
[WhiteElo "1717"]
[BlackElo "1870"]
[PlyCount "68"]
[EventDate "2022.10.29"]
[EventType "swiss"]
[EventRounds "13"]
[EventCountry "SVK"]
[SourceTitle "EXT 2024"]
[Source "ChessBase"]
[SourceDate "2023.10.10"]
[SourceVersion "1"]
[SourceVersionDate "2023.10.10"]
[SourceQuality "1"]

1. Nf3 f5 2. g3 Nf6 3. Bg2 g6 4. d3 Bg7 5. 0-0 0-0 6. d4 d6 7. b3 Qe8 8. Bb2 Nbd7 9. c4 e5 10. e3 c6 11. Qc2 e4 12. Nfd2 d5 13. Ba3 Rf7 14. Nc3 a6 15. cxd5 cxd5 16. Na4 g5 17. Nc5 f4 18. b4 f3 19. Bh1 Nb6 20. Bb2 Rc7 21. Ndb3 Qh5 22. Rfc1 Ng4 23. h4 gxh4 24. Kf1 hxg3 25. Bxf3 exf3 26. Ke1 Nxf2 27. Kd2 Nc4+ 28. Kc3 Bf5 29. e4 Nxe4+ 30. Nxe4 Bxe4 31. Rh1 Qxh1 32. Rxh1 Bxc2 33. Kxc2 Nxb2+ 34. Kxb2 f2 0-1

[Event "SVK-chT2C 2122"]
[Site "Slovakia"]
[Date "2022.02.05"]
[Round "3.6"]
[White "Kapicakova, Lucia"]
[Black "Kubik, Jozef"]
[Result "1/2-1/2"]
[WhiteElo "1803"]
[BlackElo "1796"]
[PlyCount "44"]
[EventDate "2021.10.16"]
[EventType "team-tourn"]
[EventRounds "11"]
[EventCountry "SVK"]
[SourceTitle "EXT 2023"]
[Source "ChessBase"]
[SourceDate "2022.10.05"]
[SourceVersion "1"]
[SourceVersionDate "2022.10.05"]
[SourceQuality "1"]
[WhiteTeam "Filakovo"]
[BlackTeam "Kysucke Nove Mesto"]
[WhiteTeamCountry "SVK"]
[BlackTeamCountry "SVK"]

1. f4 d5 2. Nf3 Nf6 3. g3 c5 4. Bg2 g6 5. d3 Bg7 6. 0-0 0-0 7. c3 Bd7 8. Qc2 Bc6 9. Ne5 Qb6 10. Kh1 d4 11. Nxc6 Nxc6 12. e4 e5 13. a4 Bh6 14. fxe5 Bxc1 15. exf6 Bxb2 16. Qd2 Kh8 17. Ra2 Bxc3 18. Nxc3 dxc3 19. Qh6 Rg8 20. Bh3 Nd4 21. Raf2 Rae8 22. Bd7 Re5 1/2-1/2

[Event "EU-ch Schools U15 Girls"]
[Site "Tornelo INT"]
[Date "2021.12.05"]
[Round "7"]
[White "Rosu, Alexia Maria"]
[Black "Kapicakova, Lucia"]
[Result "0-1"]
[WhiteElo "1160"]
[BlackElo "1769"]
[PlyCount "64"]
[EventDate "2021.12.03"]
[EventType "swiss (rapid)"]
[EventRounds "7"]
[EventCountry "NET"]
[SourceTitle "EXT 2023"]
[Source "ChessBase"]
[SourceDate "2022.10.05"]
[SourceVersion "1"]
[SourceVersionDate "2022.10.05"]
[SourceQuality "1"]

1. e4 c6 2. d4 d5 3. Nc3 dxe4 4. Nxe4 Nf6 5. Nxf6+ exf6 6. Bd3 Bd6 7. Nf3 0-0 8. 0-0 Re8 9. Bd2 Nd7 10. c4 Nf8 11. c5 Bb8 12. Re1 Bg4 13. h3 Be6 14. b4 a6 15. Bc3 Ng6 16. Qc2 Qd7 17. h4 Bg4 18. Rxe8+ Qxe8 19. Re1 Qd7 20. h5 Nf8 21. Nh4 Bf4 22. Bf5 Bxf5 23. Nxf5 Ne6 24. g3 Bc7 25. Re4 g6 26. Nh6+ Kg7 27. hxg6 fxg6 28. Qd2 Ng5 29. Rg4 Nf3+ 30. Kg2 Nxd2 31. Bxd2 Qd5+ 32. Kh3 Qh1# 0-1

[Event "EU-ch Schools U15 Girls"]
[Site "Tornelo INT"]
[Date "2021.12.04"]
[Round "3"]
[White "Kapicakova, Lucia"]
[Black "Brinovec, Lucy"]
[Result "1-0"]
[WhiteElo "1769"]
[BlackElo "1311"]
[PlyCount "75"]
[EventDate "2021.12.03"]
[EventType "swiss (rapid)"]
[EventRounds "7"]
[EventCountry "NET"]
[SourceTitle "EXT 2023"]
[Source "ChessBase"]
[SourceDate "2022.10.05"]
[SourceVersion "1"]
[SourceVersionDate "2022.10.05"]
[SourceQuality "1"]

1. e4 e5 2. Nf3 Nc6 3. Bc4 Bc5 4. c3 Nf6 5. d3 h6 6. 0-0 0-0 7. Nbd2 d5 8. exd5 Nxd5 9. h3 Be6 10. Re1 Qd6 11. Ne4 Qe7 12. Nxc5 Qxc5 13. Nxe5 Nxe5 14. Rxe5 Qd6 15. Qe1 Rfe8 16. Bxd5 c6 17. Bxe6 fxe6 18. d4 Rad8 19. Bf4 Qf8 20. Rxe6 Rxe6 21. Qxe6+ Kh8 22. Be5 Kh7 23. Qg4 Qf7 24. Re1 Rf8 25. Qe4+ Kg8 26. Bg3 Kh8 27. Qe7 Qf5 28. Qxb7 a5 29. Qxc6 Qf7 30. d5 Qf5 31. d6 Rc8 32. Re8+ Rxe8 33. Qxe8+ Kh7 34. d7 Qb1+ 35. Kh2 Qxa2 36. d8Q a4 37. Qd3+ g6 38. Qdxg6# 1-0

[Event "SVK-ch U14 Girls rapid"]
[Site "Nitra"]
[Date "2021.09.11"]
[Round "6"]
[White "Kapicakova, Lucia"]
[Black "Kapolkova, Greta"]
[Result "1-0"]
[WhiteElo "1587"]
[BlackElo "1379"]
[PlyCount "52"]
[EventDate "2021.09.11"]
[EventType "swiss (rapid)"]
[EventRounds "7"]
[EventCountry "SVK"]
[SourceTitle "EXT 2023"]
[Source "ChessBase"]
[SourceDate "2022.10.05"]
[SourceVersion "1"]
[SourceVersionDate "2022.10.05"]
[SourceQuality "1"]

1. e4 e5 2. Nf3 Nc6 3. Bc4 Nf6 4. d3 Bc5 5. c3 d6 6. 0-0 0-0 7. Nbd2 Qe7 8. Bb3 b5 9. h3 a6 10. Re1 Bb7 11. Bc2 Rad8 12. Nf1 h6 13. Ng3 Bc8 14. d4 Bb6 15. Be3 Rfe8 16. Qd2 Qf8 17. Nh4 Ne7 18. Bb3 Kh8 19. Rad1 c5 20. Qe2 c4 21. Bc2 Bc7 22. Qf3 Ng6 23. Nhf5 Ne7 24. Nxh6 Ng6 25. Bg5 exd4 26. cxd4 Re6 1-0

[Event "SVK-ch U14 Girls rapid"]
[Site "Nitra"]
[Date "2021.09.11"]
[Round "3"]
[White "Kovarikova, Maria"]
[Black "Kapicakova, Lucia"]
[Result "0-1"]
[WhiteElo "1708"]
[BlackElo "1587"]
[PlyCount "80"]
[EventDate "2021.09.11"]
[EventType "swiss (rapid)"]
[EventRounds "7"]
[EventCountry "SVK"]
[SourceTitle "EXT 2023"]
[Source "ChessBase"]
[SourceDate "2022.10.05"]
[SourceVersion "1"]
[SourceVersionDate "2022.10.05"]
[SourceQuality "1"]

1. e4 c6 2. d4 d5 3. Nc3 dxe4 4. Nxe4 Nf6 5. Ng3 g6 6. c3 Bg7 7. Bd3 Qc7 8. N1e2 Nbd7 9. 0-0 0-0 10. h4 h5 11. Bf4 Qd8 12. c4 e6 13. Bd6 Re8 14. Qc2 Nf8 15. Be5 Ng4 16. Bf4 Qxh4 17. Ne4 e5 18. Bg3 Qd8 19. d5 f5 20. Nc5 e4 21. Nf4 exd3 22. Qxd3 Be5 23. f3 Bxf4 24. Bxf4 Ne5 25. Qd4 Ned7 26. Rfe1 Rxe1+ 27. Rxe1 Qf6 28. Be5 Nxe5 29. Rxe5 Qf7 30. Qe3 f4 31. Qe2 Bf5 32. Re7 Qf6 33. Nxb7 Qd4+ 34. Kh2 cxd5 35. Rc7 Ne6 36. Rd7 Qb6 37. cxd5 Rb8 38. dxe6 Bxe6 39. Re7 Rxb7 40. Re8+ Kf7 0-1

[Event "SVK-ch U14 Girls rapid"]
[Site "Nitra"]
[Date "2021.09.11"]
[Round "7"]
[White "Mikusova, Martina"]
[Black "Kapicakova, Lucia"]
[Result "0-1"]
[WhiteElo "1054"]
[BlackElo "1587"]
[PlyCount "64"]
[EventDate "2021.09.11"]
[EventType "swiss (rapid)"]
[EventRounds "7"]
[EventCountry "SVK"]
[SourceTitle "EXT 2023"]
[Source "ChessBase"]
[SourceDate "2022.10.05"]
[SourceVersion "1"]
[SourceVersionDate "2022.10.05"]
[SourceQuality "1"]

1. e4 e5 2. Nf3 Nc6 3. d3 Bc5 4. Be3 Bb6 5. Be2 Nf6 6. Nc3 d6 7. 0-0 0-0 8. a3 h6 9. Nd5 Be6 10. Nxb6 axb6 11. c4 Ne7 12. Qd2 Ng4 13. b4 Ng6 14. d4 exd4 15. Bxd4 N4e5 16. Rfd1 Nxc4 17. Qc3 Nce5 18. Nxe5 dxe5 19. Bxe5 Qg5 20. Bxg7 Nf4 21. Kf1 Qxg7 22. Bf3 Qxc3 23. e5 Bc4+ 24. Kg1 Qxe5 25. Bxb7 Ne2+ 26. Kh1 Rad8 27. Re1 Bd5 28. Ba6 Qg5 29. f3 Nf4 30. Rg1 Nh3 31. gxh3 Bxf3+ 32. Rg2 Qxg2# 0-1

[Event "EU Union-ch U14"]
[Site "Kouty nad Desnou"]
[Date "2021.08.22"]
[Round "9.4"]
[White "Hladky, Tadeas"]
[Black "Kapicakova, Lucia"]
[Result "1-0"]
[WhiteElo "1908"]
[BlackElo "1740"]
[PlyCount "59"]
[EventDate "2021.08.14"]
[EventType "swiss"]
[EventRounds "9"]
[EventCountry "CZE"]
[SourceTitle "EXT 2022"]
[Source "ChessBase"]
[SourceDate "2021.10.06"]
[SourceVersion "1"]
[SourceVersionDate "2021.10.06"]
[SourceQuality "1"]

1. e4 c6 2. d4 d5 3. Nc3 dxe4 4. Nxe4 Nf6 5. Nxf6+ exf6 6. c3 Bd6 7. Bd3 0-0 8. Qc2 h5 9. Ne2 Re8 10. Be3 Nd7 11. 0-0-0 Nf8 12. Kb1 Be6 13. c4 Rc8 14. Nc3 Bb4 15. Ne4 b5 16. c5 Qd5 17. b3 Bg4 18. f3 Bd7 19. Qf2 Ra8 20. Nd6 Red8 21. Be4 Qe6 22. d5 cxd5 23. Bxd5 Qe5 24. Bxa8 Rxa8 25. Bd4 Qe6 26. Qc2 Bc6 27. Kb2 Bd5 28. a3 Ba5 29. Bc3 Bd8 30. Rhe1 1-0

[Event "EU Union-ch U14"]
[Site "Kouty nad Desnou"]
[Date "2021.08.19"]
[Round "6.2"]
[White "Ciocani, Iosif"]
[Black "Kapicakova, Lucia"]
[Result "1-0"]
[WhiteElo "1981"]
[BlackElo "1740"]
[PlyCount "93"]
[EventDate "2021.08.14"]
[EventType "swiss"]
[EventRounds "9"]
[EventCountry "CZE"]
[SourceTitle "EXT 2022"]
[Source "ChessBase"]
[SourceDate "2021.10.06"]
[SourceVersion "1"]
[SourceVersionDate "2021.10.06"]
[SourceQuality "1"]

1. e4 c6 2. Nc3 d5 3. Nf3 dxe4 4. Nxe4 Nf6 5. Qe2 Nxe4 6. Qxe4 Nd7 7. Bc4 Nf6 8. Ne5 e6 9. Qe2 Qc7 10. 0-0 b5 11. Bb3 Bd6 12. d4 0-0 13. c3 a5 14. Re1 Ba6 15. Qf3 Nd5 16. Bc2 f6 17. Ng4 Rae8 18. Qh3 g6 19. Bh6 Rf7 20. Bd2 Rff8 21. Qh4 e5 22. Bb3 Re6 23. Bh6 Rf7 24. f4 a4 25. Bc2 e4 26. Bxe4 Be7 27. Qf2 Rxe4 28. Rxe4 f5 29. Rxe7 Rxe7 30. Ne5 Nf6 31. Re1 Ne4 32. Qh4 Bc8 33. Bg5 Re8 34. Re3 Re6 35. Bh6 Rd6 36. Nd3 Be6 37. h3 Bxa2 38. g4 Be6 39. gxf5 Bxf5 40. Nc5 Nf6 41. Bg5 Qf7 42. Qe1 Nd5 43. Re8+ Kg7 44. Qe5+ Rf6 45. Nb7 h6 46. Nd6 Qxe8 47. Nxe8+ 1-0

[Event "EU Union-ch U14"]
[Site "Kouty nad Desnou"]
[Date "2021.08.18"]
[Round "5.4"]
[White "Chicarosie, Ioana Bianca"]
[Black "Kapicakova, Lucia"]
[Result "0-1"]
[WhiteElo "1594"]
[BlackElo "1740"]
[PlyCount "64"]
[EventDate "2021.08.14"]
[EventType "swiss"]
[EventRounds "9"]
[EventCountry "CZE"]
[SourceTitle "EXT 2022"]
[Source "ChessBase"]
[SourceDate "2021.10.06"]
[SourceVersion "1"]
[SourceVersionDate "2021.10.06"]
[SourceQuality "1"]

1. d4 Nf6 2. Nf3 g6 3. Nbd2 Bg7 4. e4 d6 5. Bd3 0-0 6. 0-0 Nbd7 7. c3 e5 8. Re1 exd4 9. cxd4 Re8 10. b3 Nf8 11. Bb2 Bg4 12. h3 Bxf3 13. Nxf3 Ne6 14. Qd2 h5 15. Rad1 Kh7 16. Ng5+ Nxg5 17. Qxg5 Nd7 18. Qd5 Qe7 19. Qxb7 Nc5 20. Qd5 Ne6 21. e5 Qg5 22. Qf3 dxe5 23. dxe5 Nf4 24. Bb5 Red8 25. Bc6 Rab8 26. Rxd8 Rxd8 27. Bc1 Bxe5 28. g3 Rd3 29. Qe4 Rc3 30. Ba4 Nxh3+ 31. Kg2 Rxg3+ 32. Kh1 Rg1+ 0-1

[Event "EU Union-ch U14"]
[Site "Kouty nad Desnou"]
[Date "2021.08.17"]
[Round "4.6"]
[White "Kapicakova, Lucia"]
[Black "Kulich, Daniel"]
[Result "1-0"]
[WhiteElo "1740"]
[BlackElo "1621"]
[PlyCount "143"]
[EventDate "2021.08.14"]
[EventType "swiss"]
[EventRounds "9"]
[EventCountry "CZE"]
[SourceTitle "EXT 2022"]
[Source "ChessBase"]
[SourceDate "2021.10.06"]
[SourceVersion "1"]
[SourceVersionDate "2021.10.06"]
[SourceQuality "1"]

1. e4 c6 2. Nc3 d5 3. Nf3 Bg4 4. h3 Bxf3 5. Qxf3 e6 6. Be2 Nf6 7. 0-0 Bd6 8. d4 dxe4 9. Nxe4 Nxe4 10. Qxe4 0-0 11. Bd3 g6 12. b3 Re8 13. Bb2 Bf8 14. c4 Bg7 15. Rad1 Nd7 16. Bb1 Qc7 17. Rd2 Rad8 18. Rfd1 Nb6 19. Qe3 Rd7 20. Be4 Red8 21. Ba3 Nc8 22. d5 exd5 23. cxd5 cxd5 24. Rxd5 Rxd5 25. Rxd5 Rxd5 26. Bxd5 Be5 27. Bxb7 Qa5 28. b4 Qa4 29. Qxe5 Qxa3 30. Qe8+ Kg7 31. Qxc8 Qxb4 32. Ba6 Qb1+ 33. Bf1 Qxa2 34. Qc4 Qa1 35. Qa6 Qd4 36. Bc4 Qd1+ 37. Kh2 Qd4 38. Qa2 h5 39. g3 f5 40. Qe2 Qf6 41. Qe6 Qb2 42. Qe7+ Kh6 43. Qe3+ Kg7 44. Qxa7+ Kh6 45. h4 Qh8 46. Qe3+ Kh7 47. Qe7+ Kh6 48. Bf7 Qg7 49. Qe8 f4 50. Qg8 fxg3+ 51. fxg3 Qc3 52. Qf8+ Qg7 53. Qe8 Qb2+ 54. Kh3 Qf6 55. Qf8+ Qg7 56. Qxg7+ Kxg7 57. Be8 Kf6 58. Kg2 g5 59. Bxh5 gxh4 60. g4 h3+ 61. Kxh3 Kg5 62. Kg3 Kh6 63. Kf4 Kh7 64. Kg5 Kg7 65. Kf5 Kh7 66. g5 Kg7 67. g6 Kf8 68. Kf6 Ke8 69. g7+ Kd7 70. g8Q Kc6 71. Qd8 Kc5 72. Ke5 1-0

[Event "EU Union-ch U14"]
[Site "Kouty nad Desnou"]
[Date "2021.08.16"]
[Round "3.4"]
[White "Lang, Simon"]
[Black "Kapicakova, Lucia"]
[Result "1-0"]
[WhiteElo "1795"]
[BlackElo "1740"]
[PlyCount "93"]
[EventDate "2021.08.14"]
[EventType "swiss"]
[EventRounds "9"]
[EventCountry "CZE"]
[SourceTitle "EXT 2022"]
[Source "ChessBase"]
[SourceDate "2021.10.06"]
[SourceVersion "1"]
[SourceVersionDate "2021.10.06"]
[SourceQuality "1"]

1. e4 c6 2. d4 d5 3. exd5 cxd5 4. c4 Nf6 5. Nc3 Nc6 6. Bg5 dxc4 7. Bxc4 e6 8. Nf3 h6 9. Bh4 Be7 10. a3 0-0 11. 0-0 b6 12. Rc1 Bb7 13. Qd3 Nd5 14. Bg3 Nxc3 15. Rxc3 Bf6 16. Rd1 Rc8 17. Ba2 Ne7 18. Nh4 Nd5 19. Bb1 Re8 20. Rxc8 Bxc8 21. Qh7+ Kf8 22. Nf3 Ke7 23. Ne5 Bb7 24. Nc4 Rh8 25. Qc2 Qc8 26. Qa4 Qc6 27. Bd6+ Kd7 28. Ne5+ Bxe5 29. Qxc6+ Bxc6 30. dxe5 Rc8 31. Rc1 Nf4 32. Rc2 Bxg2 33. Rxc8 Kxc8 34. Bf8 Bh3 35. Bxg7 Ne2+ 36. Kh1 h5 37. Be4 Bg4 38. Bh6 Bh3 39. Be3 Bf1 40. Bg2 Ng3+ 41. hxg3 Bd3 42. Bf3 Bg6 43. Kh2 Kd7 44. Kh3 f6 45. exf6 Kd6 46. Kh4 Ke5 47. Bxh5 1-0

[Event "EU Union-ch U14"]
[Site "Kouty nad Desnou"]
[Date "2021.08.15"]
[Round "2.3"]
[White "Kapicakova, Lucia"]
[Black "Winter, Ondrej"]
[Result "1/2-1/2"]
[WhiteElo "1740"]
[BlackElo "1968"]
[PlyCount "81"]
[EventDate "2021.08.14"]
[EventType "swiss"]
[EventRounds "9"]
[EventCountry "CZE"]
[SourceTitle "EXT 2022"]
[Source "ChessBase"]
[SourceDate "2021.10.06"]
[SourceVersion "1"]
[SourceVersionDate "2021.10.06"]
[SourceQuality "1"]

1. e4 c5 2. Nf3 Nc6 3. Bb5 g6 4. Bxc6 bxc6 5. d3 Bg7 6. h3 d6 7. Nc3 Nh6 8. 0-0 f6 9. Be3 Nf7 10. d4 cxd4 11. Nxd4 Bd7 12. Qd2 0-0 13. Nde2 e5 14. Rad1 Qe7 15. Bc5 Rfd8 16. Bxd6 Nxd6 17. Qxd6 Qf7 18. Qc5 Bf8 19. Qe3 Be6 20. Rd2 Rdb8 21. b3 h5 22. Rfd1 Kh7 23. Qg3 g5 24. f3 Bc5+ 25. Kh1 Rg8 26. Na4 Be7 27. Qf2 g4 28. fxg4 hxg4 29. h4 Qh5 30. g3 f5 31. exf5 Bd5+ 32. Rxd5 cxd5 33. Rxd5 Bf6 34. Nac3 Qf7 35. Kg1 Kg7 36. Rd6 Rgd8 37. Rc6 Rdc8 38. Rd6 Rd8 39. Rc6 Rdc8 40. Rd6 Rd8 41. Rc6 1/2-1/2

[Event "SVK-ch Amateurs"]
[Site "Topolcany"]
[Date "2021.08.06"]
[Round "1"]
[White "Cajka, Tibor"]
[Black "Kapicakova, Lucia"]
[Result "1-0"]
[WhiteElo "2118"]
[BlackElo "1740"]
[PlyCount "129"]
[EventDate "2021.08.06"]
[EventType "swiss"]
[EventRounds "7"]
[EventCountry "SVK"]
[SourceTitle "EXT 2022"]
[Source "ChessBase"]
[SourceDate "2021.10.06"]
[SourceVersion "1"]
[SourceVersionDate "2021.10.06"]
[SourceQuality "1"]

1. e4 c6 2. d4 d5 3. e5 c5 4. Nf3 Nc6 5. c4 cxd4 6. cxd5 Qxd5 7. Nc3 Qa5 8. Nxd4 Qxe5+ 9. Nde2 Nf6 10. Bf4 Qa5 11. a3 Bf5 12. b4 Qb6 13. Be3 Qd8 14. Qa4 g6 15. Rd1 Qc8 16. Rc1 a6 17. Nd4 Bd7 18. Qb3 Nxd4 19. Bxd4 Bg7 20. Be2 0-0 21. Qb2 Bc6 22. 0-0 Rd8 23. Bb6 Rd7 24. Na4 Ne4 25. Qa2 Rd2 26. Rc2 Rxc2 27. Qxc2 Bxa4 28. Qxe4 Qc6 29. Qe3 Rc8 30. Bf3 Qd7 31. Bc5 e6 32. h4 h5 33. Qg5 Qb5 34. Qe7 b6 35. Qb7 Re8 36. Qxb6 Qxb6 37. Bxb6 Bb5 38. Re1 Bb2 39. Re3 Bf6 40. g3 Rc8 41. Bc5 Bg7 42. Re1 Rd8 43. Bb7 Rd3 44. a4 Bxa4 45. Bxa6 Rb3 46. Bc4 Rb2 47. Bd3 Bc3 48. Rb1 Rxb1+ 49. Bxb1 Bb5 50. Kg2 Kg7 51. Kf3 f5 52. Ke3 Kf6 53. Bd4+ Bxd4+ 54. Kxd4 e5+ 55. Kc5 Be2 56. b5 g5 57. b6 Bf3 58. Ba2 Bb7 59. Bd5 Bc8 60. Kd6 f4 61. Kc7 Ba6 62. Bc4 e4 63. Bxa6 e3 64. hxg5+ Kxg5 65. gxf4+ 1-0

[Event "SVK-ch U14 Girls"]
[Site "Stara Lubovna"]
[Date "2021.07.03"]
[Round "9"]
[White "Jursova, Elena"]
[Black "Kapicakova, Lucia"]
[Result "0-1"]
[WhiteElo "1137"]
[BlackElo "1711"]
[PlyCount "54"]
[EventDate "2021.06.26"]
[EventType "swiss"]
[EventRounds "9"]
[EventCountry "SVK"]
[SourceTitle "CBM 203 Extra"]
[Source "ChessBase"]
[SourceDate "2021.09.30"]
[SourceVersion "1"]
[SourceVersionDate "2021.09.30"]
[SourceQuality "1"]

1. e4 c6 2. d4 d5 3. Nd2 dxe4 4. Nxe4 Nf6 5. Ng3 g6 6. Nf3 Bg7 7. Bd3 0-0 8. 0-0 Qc7 9. c4 Bg4 10. Be3 Rd8 11. h3 Bxf3 12. Qxf3 e5 13. Rad1 exd4 14. Bf4 Qb6 15. Qe2 c5 16. a3 Nc6 17. Rfe1 Re8 18. Qd2 Nd7 19. Ne4 Nce5 20. Rb1 Nxd3 21. Qxd3 Ne5 22. Qc2 Qc6 23. Bxe5 Rxe5 24. b4 Rae8 25. Red1 Qxe4 26. Qd2 Qf5 27. bxc5 Re2 0-1